|
|
|
|
| LEADER |
00000nab a2200000 a 4500 |
| 001 |
vtls000514988 |
| 003 |
SK-MaSNL |
| 005 |
20260318122036.0 |
| 008 |
160202c1994 xo 0 hun |
| 015 |
|
|
|a SNBRB19rr/mm-uuuuu
|
| 035 |
|
|
|a CL0515126
|
| 040 |
|
|
|a SNKBUCL
|b slo
|c SNKBUCL
|e AACR2
|
| 041 |
0 |
|
|a hun
|
| 044 |
|
|
|a xo
|c SK
|
| 080 |
|
|
|a 261.4
|2 1981
|
| 100 |
1 |
|
|a Cséfalvay, Zsolt,
|d 1959-
|4 aut
|9 188853
|
| 245 |
1 |
3 |
|a Az apa szerepe a keresztény családban
|c Zsolt Cséfalvay, Aranka Gyepes
|
| 300 |
|
|
|b Fotogr. 1
|
| 500 |
|
|
|a Dokončenie
|
| 650 |
0 |
7 |
|a kresťanská morálka
|2 snkbucl
|9 4269
|
| 650 |
0 |
7 |
|a rodina
|2 snkbucl
|9 4138
|
| 655 |
|
7 |
|a články z novín a časopisov
|2 snkbucl
|9 267496
|
| 700 |
1 |
|
|a Gyepes, Aranka,
|d 1952-
|4 aut
|9 572395
|
| 773 |
0 |
|
|t Remény
|g Roč. 5, č. 15 (1994), s. 6
|
| 850 |
|
|
|a Slovenská národná knižnica v Martine
|a DSG001
|
| 852 |
|
|
|a SNK
|b KIS3GCP
|
| 958 |
|
|
|a RK
|
| 958 |
|
|
|a HU
|
| 992 |
|
|
|a RBX
|
| 999 |
|
|
|c 2993313
|d 2995243
|